Statistiques concernant Culture Générale - Série 17

Cliquez ici pour prendre le quiz!

Statistiques générales

  • Ce quiz a été pris 2 786 fois
  • Le résultat moyen est 6 sur 10

Statistiques - réponses

QuestionRéponse% Correct
Quelle est la capitale de l'Australie ?Canberra
94%
Qui a écrit Germinal ?Emile Zola
89%
Qui a écrit « le Rouge et le Noir » ?Stendhal
88%
Où se trouve le célèbre musée Van Gogh ?Amsterdam
71%
Quel philosophe grec a écrit "Le banquet" ?Platon
67%
Quel écrivain a dit "l'enfer c'est les autres."Jean Paul Sartre
48%
Qui était surnommé « le fléau de Dieu » ?Attila
31%
Quel animal symbolise les premiers chrétiens?Poisson
28%
Quel chevalier est connu pour avoir soufflé dans son cor pour appeler à l'aide dans une embuscade ?Roland
27%
Quelle est la capitale du Myanmar?Naypyidaw
19%

Distribution des résultats

Percentile par nombre de réponses

% des personnes avec chaque résultat

Votre développement - résultats

Vous n’avez pas pris ce quiz